Statistics for Europe General Knowledge

Click here to take the quiz!

General Stats

  • This quiz has been taken 95 times
  • The average score is 13 of 20

Answer Stats

Hint Answer % Correct
The smallest countryVatican City
94%
What band consisted of members John, Paul, George, and Ringo?The Beatles
93%
A Swiss food company that produces Nesquik, Nescafé, Maggi, and MilkybarNestlé
92%
The world's most visited museumLouvre
87%
The world's largest beer festivalOktoberfest
87%
The highest peak in EuropeMount Elbrus/Mont Blanc
79%
Novak Djokovic and Simona Halep's disciplineTennis
78%
What was the capital of the Byzantine Empire?Constantinople
77%
The longest European riverVolga
70%
Hungarian "Magic Cube"Rubik's Cube
69%
The Roman equivalent of AphroditeVenus
61%
A Yugoslav Marshal and President?Josip Broz Tito
57%
Luna Lovegood, Lee Jordan, and Cho Chang are characters from which book?Harry Potter
56%
What country has won the Eurovision Song Contest the most times?Ireland
50%
The currency of PolandZłoty
48%
A union of countries that use the Eurothe Eurozone
47%
A small but indomitable Gaul with a yellow moustacheAsterix
47%
Konrad Adenauer was a chancellor in what country?West Germany
30%
The anthem of the European Union and the Council of EuropeOde to Joy
30%
Who did famously write a letter to Tatyana?Eugene Onegin
3%

Score Distribution

Percentile by Number Answered

Percent of People with Each Score

Your Score History

You have not taken this quiz